Depositional environment and reservoir morphology of Guadalupian Bell Canyon sandstones, Scott field, Ward and Reeves counties, Texas /

Bibliographic Details
Main Author: Kashatus, Gerard Paul, 1956-
Format: Thesis eBook
Language:English
Published: [Place of publication not identified] : [publisher not identified] ; 1986.
Subjects:
Online Access:Link to OAKTrust copy

MARC

Tag First Indicator Second Indicator Subfields
LEADER 00000cam a2200000 a 4500
001 in00000020056
005 20220103134523.0
007 cr unu a
008 880708s1986 xx a b 00010 eng d
035 |9 AAB2888AM 
035 |a (OCoLC)18188656 
040 |a TXA  |c TXA  |d UtOrBLW 
043 |a n-us-tx 
049 |a TXAZ [Also in] [Archives]  |c 1 [A09508573], 2 [A09508581] 
099 |a 1986  |a Thesis  |a K19 
100 1 |a Kashatus, Gerard Paul,  |d 1956- 
245 1 0 |a Depositional environment and reservoir morphology of Guadalupian Bell Canyon sandstones, Scott field, Ward and Reeves counties, Texas /  |c by Gerard Paul Kashatus. 
264 1 |a [Place of publication not identified] :  |b [publisher not identified] ;  |c 1986. 
300 |a x, 85 leaves :  |b illustrations ;  |c 29 cm. 
336 |a text  |b txt  |2 rdacontent 
337 |a computer  |b c  |2 rdamedia 
338 |a online resource  |b cr  |2 rdacarrier 
500 |a "Major subject: Geology." 
500 |a Typescript (photocopy). 
500 |a Vita. 
502 |b M.S.  |c Texas A&M University  |d 1986. 
504 |a Bibliography: leaves 67-72. 
530 |a Also available online. 
650 0 |a Geology  |z Texas  |z Reeves County. 
650 0 |a Geology  |z Texas  |z Ward County. 
650 0 |a Oil reservoir engineering. 
650 0 |a Sandstone  |z Texas. 
650 4 |a Major geology. 
856 4 1 |u https://hdl.handle.net/1969.1/ETD-TAMU-1986-THESIS-K19  |z Link to OAKTrust copy  |t 0 
999 |a MARS 
999 f f |s eacfb9e5-b796-38ff-a21e-52572dd8ec71  |i 9538a026-ed15-3c6f-b0a3-4362488e3eb6  |t 0 
952 f f |p noncirc  |a Texas A&M University  |b J.J. Pickle Campus  |c High Density Repository  |s HDR  |d Remote Storage  |t 0  |e 1986 Thesis K19  |h Other scheme  |i computer -- online resource  |m A14839616851 
952 f f |a Texas A&M University  |b College Station  |c Electronic Resources  |s www_evans  |d Available Online  |t 0  |e 1986 Thesis K19  |h Other scheme 
998 f f |a 1986 Thesis K19  |t 0  |l Available Online 
998 f f |a 1986 Thesis K19  |t 0  |l Remote Storage